LEADER 01104nam0-22003611i-450 001 990001236620403321 005 20240130130820.0 035 $a000123662 035 $aFED01000123662 035 $a(Aleph)000123662FED01 100 $a20000920d1978----km-y0itay50------ba 101 0 $aeng 102 $aGB$aUS 105 $ay c ac001yy 200 1 $aAlgebraic geometry and Nash functions$fAlberto Tognoli 210 $aLondon, New York$cAcademic Press$d1978 215 $a60 p.$d24 cm 225 1 $aInstitutiones matematicae$eCorso di lezioni dell'Istituto Nazionale di Alta Matematica, svolto dal Febbraio al Maggio 1977$v3 610 0 $aGeometria algebrica 610 0 $aTopologia 676 $a516.35$v23$zita 676 $a514$v23$zita 700 1$aTognoli,$bAlberto$f<1937- >$055561 801 0$aIT$bUNINA$gRICA$2UNIMARC 901 $aBK 912 $a990001236620403321 952 $a34-A-3-DX$b19951$fMA1 952 $aTECN B 2312$b556/2023$fFARBC 959 $aMA1 959 $aFARBC 962 $a14-XX 996 $aAlgebraic geometry and Nash functions$9382323 997 $aUNINA